000 01116nam a2200361 i 4500
001 39129
003 KOSZ 005
005 20220624123123.0
008 001031s2000 pl a |000 0 pol
015 _aPB 2001/2213
020 _a8301131381
040 _aWA N
_cWA N
_dKOSZ 005/HR
041 0 _apol
046 _k1997
080 _a338.1(438)(091)
080 _a(075.8)
100 1 _aSkodlarski, Janusz
_d(1947- )
_eAutor
245 1 0 _aZarys historii gospodarczej Polski /
_cJanusz Skodlarski.
260 _aWarszawa :
_bWydawnictwo Naukowe PWN,
_c2000.
300 _a576, [2] s. :
_bil., mapy, err. ;
_c21 cm.
380 _aKsiążki
388 _a1901-2000
388 _a1989-2000
504 _aBibliogr. przy rozdz.
650 7 _aHistoria gospodarcza
651 4 _aPolska
655 4 _aPodręczniki akademickie
658 _aGospodarka, ekonomia, finanse
658 _aHistoria
710 2 _aWydawnictwo Naukowe PWN
_4pbl.
856 _uhttp://koha.tu.koszalin.pl/cgi-bin/koha/opac-detail.pl?biblionumber=39129
_yKatalog online BPK
942 _2UKD
_cKS
999 _c39129
_d39129